03559nab a2200301 i 4500003000900000005001700009008004100026040001800067072001400085072000800099100003800107100003500145100003300180100003300213100003200246100003200278245008000310500007700390520117900467520126301646650001902909650002002928650001402948650001502962650001902977773018202996856007903178BR-BrBNA20260326125033.0260326b2019 bl.qr|pooa||| 00| 0 eng | aBR-BrBNAbeng aH10b0150 aH01 aPasini, Mauricio Paulo Batistela  aLúcio, Alessandro Dal’Col  aCargnelutti Filho, Alberto  aRibeiro, Ana Lucia de Paula  aBortolotto, Rafael Pivotto  aZamberlan, João Fernando  aInterpolators in predicting the estimated population density of Oebalus spp a Publicação online; 26 ref.; 6 tables; 2 illus.; Summaries (En, Pt) a ABSTRACT: The objective of this study was to compare interpolation methods of ordinary kriging and inverse distance weighted applied to the spatial distribution of Oebalus poecilus and Oebalus ypsinolgriseus population densities in irrigated rice. In two crops, it was generated a grid of 30 x 30 m sampling, termed Area 1 and Area 2 with 39 and 192 sampling units (1 m2, corresponding to 200 rice plants), respectively. Seven evaluations were carried out from sowing to harvesting. In these areas, O. poecilus and O. ypsilongriseus adults were quantified and the sum of each species was used for analysis. Values were submitted to the ordinary kriging interpolation and inverse distance weighted for different semivariogram models, in which the cross-validation technique was used for defining the best interpolator. The ordinary kriging interpolation method showed a better performance than the method of inverse distance weighted applied in the spatial distribution of population density of O. poecilus in rice cultivation. O. ypsilongriseus could not generate estimates for comparison. Key words: dispersion; kriging; Oryza sativa; spatial distribution.  a RESUMO: O objetivo do estudo foi comparar métodos de interpolação de krigagem ordinária e inverso da distância ponderada aplicada à distribuição espacial da densidade populacional de Oebalus poecilus e Oebalus ypsilongriseus em arroz irrigado. Em duas safras foi gerada uma grade de 30 x 30 m de amostragem, denominada Área 1 e Área 2 com 39 e 192 unidades amostrais (1 m2, correspondentes a 200 plantas de arroz), respectivamente. Da semeadura até a colheita foram realizadas sete avaliações. Nessas áreas, os adultos de O. poecilus e O. ypsilongriseus foram quantificados e a soma de cada espécie foi utilizada para análise. Os valores foram submetidos à krigagem ordinária e distância inversa ponderada para diferentes modelos de semivariogramas, sendo utilizada a técnica de validação cruzada para definir o melhor interpolador. O método de krigagem ordinária apresentou melhor desempenho do que o método de distância inversa ponderada aplicada na distribuição espacial da densidade populacional de O. poecilus no cultivo de arroz. O. ypsilongriseus não pôde gerar estimativas para comparação. Palavras-chave: dispersão; krigagem; Oryza sativa; distribuição espacial aARROZ IRRIGADO aPRAGA DE PLANTA aPERCEVEJO aAMOSTRAGEM aDEFESA VEGETAL0 04656dRecife-PE Universidade Federal Rural de Pernambuco 2006o2026-1180tRevista Brasileira de Ciências Agrárias (Brazil)x1981-1160gv. 14(1) p. 1-10; (2019)wBR2026000038 uhttp://www.agraria.pro.br/ojs32/index.php/RBCA/article/view/v14i1a5621/259